Havoc / directed by Gareth Evans; produced by Ed Talfan, Gareth Evans, Aram Tertzakian, Tom Hardy; written by Gareth Evans. (Record no. 20820)

000 -LEADER
fixed length control field 01378nam a22001817a 4500
008 - FIXED-LENGTH DATA ELEMENTS--GENERAL INFORMATION
fixed length control field 250527b xxu||||| |||| 00| 0 eng d
040 ## - CATALOGING SOURCE
Original cataloging agency Cagayan State University
Description conventions RDA
082 ## - DEWEY DECIMAL CLASSIFICATION NUMBER
Classification number 791.4372
Item number H388
245 ## - TITLE STATEMENT
Title Havoc / directed by Gareth Evans; produced by Ed Talfan, Gareth Evans, Aram Tertzakian, Tom Hardy; written by Gareth Evans.
260 ## - PUBLICATION, DISTRIBUTION, ETC. (IMPRINT)
Place of publication, distribution, etc United States
Name of publisher, distributor, etc Netflix
Date of publication, distribution, etc 2025
300 ## - PHYSICAL DESCRIPTION
Extent 1 videofile, 107 minutes
Other physical details sound, color
520 ## - SUMMARY, ETC.
Summary, etc After a drug deal gone wrong, a bruised detective must fight his way through the criminal underworld to rescue a politician's estranged son, unraveling a deep web of corruption and conspiracy that ensnares his entire city.
The story is set after a drug deal gone wrong, when a bruised detective must fight his way through a criminal underworld to rescue a politician's estranged son, while unraveling a deep web of corruption and conspiracy that ensnares his entire city.
521 ## - TARGET AUDIENCE NOTE
Target audience note Rated R
546 ## - LANGUAGE NOTE
Language note English; subtitles available in multiple languages
650 ## - SUBJECT ADDED ENTRY--TOPICAL TERM
Topical term or geographic name as entry element Action, Crime, Thriller
700 ## - ADDED ENTRY--PERSONAL NAME
Personal name Hardy, Tom, actor. Whitaker, Forest, actor. Olyphant, Timothy, actor. Li, Jessie Mei, actor. Cornwell, Justin, actor. Sepulveda, Quelin, actor. Guzmán, Luis, actor. Pang, Sunny, actor. Waterson, Michelle, actor. Evans, Gareth, director. Evans, Gareth, screenwriter.
942 ## - ADDED ENTRY ELEMENTS (KOHA)
Source of classification or shelving scheme
Item type Audio-Visual Materials
Holdings
Source of acquisition Price effective from Permanent location Date last seen Not for loan Date acquired Source of classification or shelving scheme Koha item type Collection code Shelving location Damaged status Lost status Withdrawn status Current location Full call number
Donation2025-05-27Cagayan State University - Carig Library2025-05-27 2025-05-27 Audio-Visual MaterialsElectronic Media CenterElectronic Media Center   Cagayan State University - Carig Library791.4372 H388

Cagayan State University University Library, Carig Campus
Tuguegarao City, Cagayan 3500 | www.csucarig.edu.ph

Powered by Koha